Les 10 verbes irréguliers en italien - Statistiques

Statistiques générales
  • Ce quiz a été pris 80 fois
  • Le résultat moyen est 42 sur 70
Statistiques - réponses
Verbes Traduction % Correct
Il/Elle fait Fa
100%
Faire Fare
97%
Je fais Faccio
89%
Tu fais Fai
89%
Dire Dire
86%
Ils/Elles font Fanno
83%
Il/Elle donne
81%
Il/Elle dit Dice
78%
Tu dis Dici
78%
Je dis Dico
78%
Je donnes Do
78%
Vous venez Fate
78%
Je veux Voglio
78%
Il/Elle va Va
75%
Venir Venire
75%
Nous disons Diciamo
72%
Nous voulons Vogliamo
72%
Vouloir Volere
72%
Aller Andare
69%
Nous allons Andiamo
69%
Donner Dare
69%
Ils/Elles disent Dicono
69%
Il/Elle sait Sa
69%
Tu vas Vai
69%
Tu veux Vuoi
69%
Vous allez Andate
67%
Tu donnes Dai
67%
Ils/Elles donnent Danno
64%
Vous donnez Date
64%
Vous dîtes Dite
64%
Il/Elle doit Deve
61%
Tu sais Sai
61%
Je sais So
61%
Savoir Sapere
58%
Je vais Vado
58%
Ils/Elles vont Vanno
58%
Tu dois Devi
56%
Je dois Devo
56%
Nous savons Sappiamo
56%
Je viens Vengo
56%
Nous venons Veniamo
56%
Vous voulez Volete
56%
Nous pouvons Possiamo
53%
Je peux Posso
53%
Il/Elle peut Può
53%
Tu viens Vieni
53%
Nous donnons Diamo
50%
Devoir Dovere
50%
Pouvoir Potere
50%
Vous pouvez Potere
50%
Ils/Elles savent Sanno
50%
Vous savez Sapete
50%
Sortir Uscire
50%
Ils/Elles viennent Vengono
50%
Vous venez Venite
50%
Il/Elle vient Viene
50%
Ils/Elles doivent Devono
47%
Vous devez Dovete
47%
Tu peux Puoi
47%
Ils/Elles veulent Vogliono
47%
Nous devons Dobbiamo
42%
Ils/Elles peuvent Possono
42%
Il/Elle sort Esce
39%
Tu sors Esci
39%
Je sors Esco
39%
Ils/Elles sortent Escono
36%
Nous sortons Usciamo
36%
Vous sortez Uscite
31%
Nous faisons Facciano
8%
Il/Elle veut Viole
8%
Aucun quiz correspondant
Distribution des résultats
% des personnes avec chaque résultat
Percentile par nombre de réponses
Votre historique - résultats
Vous n’avez pas pris ce quiz